Statistics for Gabon First Level Subdivisions

Click here to take the quiz!

General Stats

  • This quiz has been taken 13 times
  • The average score is 6 of 9

Answer Stats

Provinces% Correct
Haut-Ogooué
100%
Estuaire
75%
Moyen-Ogooué
75%
Ogooué-Ivindo
75%
Ogooué-Lolo
75%
Ogooué-Maritime
75%
Ngounié
50%
Nyanga
50%
Woleu-Ntem
50%

Score Distribution

Percentile by Number Answered

Percent of People with Each Score

Your Score History

You have not taken this quiz